Southville International School and Colleges
Your cart is empty.
  • Cart
  • Lists
    Public lists Eva Luna New books Lux_list list_1
    Your lists Log in to create your own lists
  • Log in to your account
  • Your cookies
  • Search history
Southville International School and Colleges
  • Advanced search
  • Recent comments
  • Most popular
  • Libraries

Log in to your account

Log in with GOOGLE


If you do not have an external account, but do have a local account, you can still log in:

  1. Home
  2. MARC view: Meeting standards through integrated curriculum /
Normal view MARC view ISBD view

Meeting standards through integrated curriculum / (Record no. 12534)

[ view plain ]
MARC details
000 -LEADER
fixed length control field 02150cam a22003854a 4500
001 - CONTROL NUMBER
control field 13428218
003 - CONTROL NUMBER IDENTIFIER
control field OSt
005 - DATE AND TIME OF LATEST TRANSACTION
control field 20160602154109.0
008 - FIXED-LENGTH DATA ELEMENTS--GENERAL INFORMATION
fixed length control field 031208s2004 vaua b 001 0 eng
010 ## - LIBRARY OF CONGRESS CONTROL NUMBER
LC control number 2003026668
020 ## - INTERNATIONAL STANDARD BOOK NUMBER
International Standard Book Number 9780871208408 (alk. paper)
040 ## - CATALOGING SOURCE
Original cataloging agency DLC
Transcribing agency DLC
Modifying agency DLC
042 ## - AUTHENTICATION CODE
Authentication code pcc
043 ## - GEOGRAPHIC AREA CODE
Geographic area code n-us---
050 00 - LIBRARY OF CONGRESS CALL NUMBER
Classification number LB 1570
Item number .D697 2004
082 00 - DEWEY DECIMAL CLASSIFICATION NUMBER
Classification number GLT 375
Item number .D78 2004
100 1# - MAIN ENTRY--PERSONAL NAME
Personal name Drake, Susan M.,
Dates associated with a name 1944-
9 (RLIN) 22461
245 10 - TITLE STATEMENT
Title Meeting standards through integrated curriculum /
Statement of responsibility, etc Susan Drake and Rebecca Burns.
260 ## - PUBLICATION, DISTRIBUTION, ETC. (IMPRINT)
Place of publication, distribution, etc Alexandria, VA :
Name of publisher, distributor, etc Association for Supervision and Curriculum Development,
Date of publication, distribution, etc c2004.
300 ## - PHYSICAL DESCRIPTION
Extent v, 181 p. :
Other physical details ill. ;
Dimensions 26 cm.
504 ## - BIBLIOGRAPHY, ETC. NOTE
Bibliography, etc Includes bibliographical references (p. 168-172) and index.
505 0# - FORMATTED CONTENTS NOTE
Formatted contents note What is integrated curriculum? -- Why integrate the curriculum in an era of accountability? -- Creating the Know/Do/Be Bridge -- Using standards to integrate the curriculum -- Aligning assessment and instruction with the Know/Do/Be Bridge -- A template for planning interdisciplinary curriculum -- Castles, kings-- and standards : one classroom's experience with integrated curriculum -- Making connections : a multidisciplinary model -- A mission to transform education : Newsome Park Elementary School -- The Alpha Program : students as standards-based curriculum designers -- Questions and answers -- The future of integrated curriculum : stilling the pendulum.
526 ## - STUDY PROGRAM INFORMATION NOTE
Reading level 1210L to 1700L
562 ## - COPY AND VERSION IDENTIFICATION NOTE
Number of copies For circulation. 1 copy in the collection.
600 ## - SUBJECT ADDED ENTRY--PERSONAL NAME
Personal name Rebecca C. Burns.
9 (RLIN) 22462
650 #0 - SUBJECT ADDED ENTRY--TOPICAL TERM
Topical term or geographic name as entry element Education
General subdivision Curricula
Geographic subdivision United States.
9 (RLIN) 22463
650 #0 - SUBJECT ADDED ENTRY--TOPICAL TERM
Topical term or geographic name as entry element Interdisciplinary approach in education
Geographic subdivision United States.
9 (RLIN) 22464
650 #0 - SUBJECT ADDED ENTRY--TOPICAL TERM
Topical term or geographic name as entry element Education
General subdivision Standards
Geographic subdivision United States.
9 (RLIN) 22465
700 1# - ADDED ENTRY--PERSONAL NAME
Personal name Burns, Rebecca Crawford.
9 (RLIN) 22466
856 41 - ELECTRONIC LOCATION AND ACCESS
Materials specified Table of contents
Uniform Resource Identifier <a href="http://www.loc.gov/catdir/toc/ecip0412/2003026668.html">http://www.loc.gov/catdir/toc/ecip0412/2003026668.html</a>
906 ## - LOCAL DATA ELEMENT F, LDF (RLIN)
a 7
b cbc
c orignew
d 1
e ecip
f 20
g y-gencatlg
942 ## - ADDED ENTRY ELEMENTS (KOHA)
Source of classification or shelving scheme Library of Congress Classification
Koha item type Books
Holdings
Withdrawn status Lost status Source of classification or shelving scheme Damaged status Home library Current library Shelving location Date acquired Source of acquisition Total Checkouts Full call number Barcode Date last seen Copy number Price effective from Koha item type
    Library of Congress Classification   Luxembourg Library Luxembourg Library Genevive Ledesma - Tan Section 10/01/2013 Donation   LB 1570 .D697 2004 17448 10/01/2013 1 10/01/2013 Books

Meeting standards through integrated curriculum /

APA

Drake S. M., Burns R. C., . (2004). Meeting standards through integrated curriculum. Alexandria, VA: Association for Supervision and Curriculum Development.

Chicago

Drake Susan M, Burns Rebecca Crawford, . 2004. Meeting standards through integrated curriculum. Alexandria, VA: Association for Supervision and Curriculum Development.

Harvard

Drake S. M., Burns R. C., . (2004). Meeting standards through integrated curriculum. Alexandria, VA: Association for Supervision and Curriculum Development.

MLA

Drake Susan M, Burns Rebecca Crawford, . Meeting standards through integrated curriculum. Alexandria, VA: Association for Supervision and Curriculum Development. 2004.

  • Place hold
  • Print
  • Cite
  • Add to your cart (remove)
  • Save record
    BIBTEX Dublin Core MARCXML MARC (non-Unicode/MARC-8) MARC (Unicode/UTF-8) MARC (Unicode/UTF-8, Standard) MODS (XML) RIS
  • More searches
    Search for this title in:
    Other Libraries (WorldCat) Other Databases (Google Scholar) Online Stores (Bookfinder.com) Open Library (openlibrary.org)

Exporting to Dublin Core...

SOUTHVILLE LIBRARY

Southville International School and Colleges Library

1281 Tropical Ave. Cor. Luxembourg St., BF Homes International, Las Pinas City

Tel. No. 8256374 / 252358 Loc. 117/146

Powered by Koha